[Event "Meister-Talente"]
[Site "Emanuel Lasker Arena"]
[Date "2020.11.06"]
[Round "1"]
[White "Tschigorinfan97"]
[Black "Jan2020"]
[Result "1-0"]
[WhiteElo "2195"]
[BlackElo "1835"]
[Annotator "NA RC"]
[PlyCount "135"]
[EventDate "2020.11.06"]
[EventType "tourn (blitz)"]

1. d4 {[%emt 0:00:02]} d5 {[%emt 0:00:02]} 2. c4 {[%emt 0:00:01]} c6 {[%emt 0:00:01]} 3. cxd5 {[%emt 0:00:01]} cxd5 {[%emt 0:00:01]} 4. Nc3 {[%emt 0:00:03]} Nf6 {[%emt 0:00:09]} 5. f3 {[%emt 0:00:01]} Qb6 {[%emt 0:00:15]} 6. e4 {[%emt 0:00:04]} dxe4 {[%emt 0:00:03]} 7. fxe4 {[%emt 0:00:00]} e5 {[%emt 0:00:03]} 8. Bb5+ {[%emt 0:00:14]} Nc6 {[%emt 0:00:38]} 9. d5 {[%emt 0:00:03]} Bb4 {[%emt 0:00:04]} 10. Qd3 {[%emt 0:00:05]} O-O {[%emt 0:01:39]} 11. dxc6 {[%emt 0:00:24]} Rd8 {[%emt 0:00:02]} 12. Qe2 {[%emt 0:00:42]} Qd4 {[%emt 0:00:15]} 13. Bd2 {[%emt 0:00:17]} Bg4 {[%emt 0:00:08]} 14. Nf3 {[%emt 0:00:05]} Bxf3 {[%emt 0:00:02]} 15. gxf3 {[%emt 0:00:00]} bxc6 {[%emt 0:00:02]} 16. Ba4 {[%emt 0:00:09]} Nh5 {[%emt 0:00:04]} 17. Bb3 {[%emt 0:00:14]} Nf4 {[%emt 0:00:02]} 18. Bxf4 {[%emt 0:00:08]} exf4 {[%emt 0:00:02]} 19. Rc1 {[%emt 0:00:15]} Rd7 {[%emt 0:00:02]} 20. Qf2 {[%emt 0:00:11]} Qd3 {[%emt 0:00:02]} 21. Qe2 {[%emt 0:00:08]} Qd4 {[%emt 0:00:01]} 22. Rd1 {[%emt 0:00:18]} Bxc3+ {[%emt 0:00:02]} 23. bxc3 {[%emt 0:00:00]} Qxc3+ {[%emt 0:00:01]} 24. Kf2 {[%emt 0:00:03]} Qc5+ {[%emt 0:00:01]} 25. Kg2 {[%emt 0:00:09]} Qg5+ {[%emt 0:00:02]} 26. Kf1 {[%emt 0:00:01]} Rad8 {[%emt 0:00:01]} 27. Rxd7 {[%emt 0:00:03]} Rxd7 {[%emt 0:00:00]} 28. Rg1 {[%emt 0:00:01]} Qc5 {[%emt 0:00:04]} 29. Kg2 {[%emt 0:00:06]} Qc3 {[%emt 0:00:03]} 30. Kh1 {[%emt 0:00:03]} Rd2 {[%emt 0:00:01]} 31. Qf1 {[%emt 0:00:02]} g6 {[%emt 0:00:03]} 32. Rg2 {[%emt 0:00:02]} Rd3 {[%emt 0:00:01]} 33. Rc2 {[%emt 0:00:02]} Qd4 {[%emt 0:00:03]} 34. Kg2 {[%emt 0:00:03]} Qe3 {[%emt 0:00:03]} 35. Qf2 {[%emt 0:00:00]} Qxf2+ {[%emt 0:00:04]} 36. Kxf2 {[%emt 0:00:00]} Rd6 {[%emt 0:00:01]} 37. Ke2 {[%emt 0:00:01]} Kf8 {[%emt 0:00:02]} 38. e5 {[%emt 0:00:02]} Rd7 {[%emt 0:00:02]} 39. Rxc6 {[%emt 0:00:00]} Re7 {[%emt 0:00:00]} 40. Rc8+ {[%emt 0:00:01]} Kg7 {[%emt 0:00:02]} 41. Rc5 {[%emt 0:00:00]} f6 {[%emt 0:00:03]} 42. e6 {[%emt 0:00:01]} f5 {[%emt 0:00:00]} 43. Rc8 {[%emt 0:00:04]} Kf6 {[%emt 0:00:01]} 44. Rd8 {[%emt 0:00:01]} Rc7 {[%emt 0:00:04]} 45. Rd7 {[%emt 0:00:03]} Rxd7 {[%emt 0:00:02]} 46. exd7 {[%emt 0:00:01]} Ke7 {[%emt 0:00:00]} 47. Ba4 {[%emt 0:00:01]} Kd8 {[%emt 0:00:02]} 48. h4 {[%emt 0:00:02]} h6 {[%emt 0:00:02]} 49. Kd3 {[%emt 0:00:01]} g5 {[%emt 0:00:01]} 50. hxg5 {[%emt 0:00:00]} hxg5 {[%emt 0:00:00]} 51. Kd4 {[%emt 0:00:01]} g4 {[%emt 0:00:02]} 52. fxg4 {[%emt 0:00:01]} fxg4 {[%emt 0:00:00]} 53. Ke4 {[%emt 0:00:01]} f3 {[%emt 0:00:08]} 54. Ke3 {[%emt 0:00:03]} Kc7 {[%emt 0:00:04]} 55. Bb5 {[%emt 0:00:01]} a6 {[%emt 0:00:03]} 56. Bxa6 {[%emt 0:00:02]} Kxd7 {[%emt 0:00:02]} 57. Kf4 {[%emt 0:00:00]} f2 {[%emt 0:00:02]} 58. Kxg4 {[%emt 0:00:02]} Kc6 {[%emt 0:00:00]} 59. Kf3 {[%emt 0:00:02]} Kb6 {[%emt 0:00:01]} 60. Bd3 {[%emt 0:00:03]} Ka5 {[%emt 0:00:02]} 61. Kxf2 {[%emt 0:00:01]} Kb4 {[%emt 0:00:01]} 62. Ke3 {[%emt 0:00:01]} Ka5 {[%emt 0:00:01]} 63. Kd4 {[%emt 0:00:02]} Kb6 {[%emt 0:00:00]} 64. a4 {[%emt 0:00:03]} Ka7 {[%emt 0:00:00]} 65. Kc5 {[%emt 0:00:02]} Kb8 {[%emt 0:00:02]} 66. Kb6 {[%emt 0:00:02]} Ka8 {[%emt 0:00:01]} 67. Be4+ {[%emt 0:00:00]} Kb8 {[%emt 0:00:01]} 68. a5 {[%emt 0:00:00] Jan2020 gibt auf (Lag: Av=0.79s, max=1.1s)} 1-0

[Event "Meister-Talente"]
[Site "Emanuel Lasker Arena"]
[Date "2020.11.06"]
[Round "1"]
[White "PeterLaFleur"]
[Black "Beyond_uoschi"]
[Result "1-0"]
[WhiteElo "2154"]
[BlackElo "2171"]
[Annotator "TA"]
[PlyCount "55"]
[EventDate "2020.11.06"]
[EventType "tourn (blitz)"]

{[%evp 9,54,7,25,24,48,40,33,41,47,19,22,0,0,0,0,0,2,1,128,126,103,133,152,141,136,143,183,191,230,252,304,283,330,322,325,331,344,333,341,325,342,338,626,618,572,500,29999]} 1. Nf3 d5 2. e3 Nf6 3. c4 e6 4. Nc3 b6 5. b3 c5 6. cxd5 {A17: English Opening: 1...Nf6 with ...Bb4.} Nxd5 7. Bb2 Bb7 8. Bb5+ {[#] White is slightly better.} Bc6 $146 ({Predecessor:} 8... Nc6 9. Ne5 Qc7 10. Nxd5 exd5 11. O-O Bd6 12. Nxc6 Bxc6 13. Bxc6+ Qxc6 14. Bxg7 Rg8 {½-½ (23) Rumpl,E (2295)-Ly,D (2190) Austria 2017}) 9. Bxc6+ Nxc6 10. Nxd5 Qxd5 11. O-O Rd8 12. d4 cxd4 13. Nxd4 Be7 (13... Nxd4 $11 {keeps the balance.} 14. Bxd4 e5) 14. Nxc6 $16 Qxc6 {[#]} 15. Qg4 $1 {[%cal Rg4g7]} Bf6 16. Bxf6 gxf6 17. Rac1 Qb7 18. Qf4 Rg8 {[%csl Gg8][%cal Rb7g2] [#]} 19. g3 $1 Rg6 20. Rc7 Qd5 21. Qa4+ ({Much less strong is} 21. Rxa7 Qe5 $18) 21... Kf8 22. Qxa7 e5 23. Qxb6 Kg7 24. Qc5 Qe6 25. Qc4 Qh3 $2 (25... Qxc4 26. Rxc4 f5) 26. Qxf7+ $18 Kh8 27. Rfc1 Rh6 (27... Rdg8 $18 28. Qd5 Rh6) 28. Qg7# {White took control after the opening. Av CentiPawn Loss W=114/B=-73. Weighted=40/-134} 1-0

[Event "Meister-Talente"]
[Site "Emanuel Lasker Arena"]
[Date "2020.11.06"]
[Round "1"]
[White "Sreyas2008"]
[Black "Ailton_32"]
[Result "0-1"]
[WhiteElo "1919"]
[BlackElo "1998"]
[Annotator "NA RC"]
[PlyCount "102"]
[EventDate "2020.11.06"]
[EventType "tourn (blitz)"]

1. e4 {[%emt 0:00:06]} c5 {[%emt 0:00:02]} 2. Nf3 {[%emt 0:00:01]} d6 {[%emt 0:00:03]} 3. d4 {[%emt 0:00:04]} cxd4 {[%emt 0:00:03]} 4. Nxd4 {[%emt 0:00:00]} Nf6 {[%emt 0:00:07]} 5. Nc3 {[%emt 0:00:02]} Nc6 {[%emt 0:00:01]} 6. Be3 {[%emt 0:00:07]} e5 {[%emt 0:00:11]} 7. Nb3 {[%emt 0:00:05]} Be7 {[%emt 0:00:02]} 8. Be2 {[%emt 0:00:12]} O-O {[%emt 0:00:10]} 9. O-O {[%emt 0:00:04]} a5 {[%emt 0:00:02]} 10. f4 {[%emt 0:00:18]} a4 {[%emt 0:00:13]} 11. fxe5 {[%emt 0:00:13]} Nxe5 {[%emt 0:00:06]} 12. Nd4 {[%emt 0:00:05]} a3 {[%emt 0:00:08]} 13. b3 {[%emt 0:00:06]} Qa5 {[%emt 0:00:21]} 14. Nd5 {[%emt 0:00:47]} Nxd5 {[%emt 0:00:11]} 15. exd5 {[%emt 0:00:00]} Re8 {[%emt 0:00:09]} 16. c4 {[%emt 0:00:24]} g6 {[%emt 0:00:03]} 17. Kh1 {[%emt 0:00:08]} f5 {[%emt 0:00:01]} 18. Bd2 {[%emt 0:00:01]} Qc7 {[%emt 0:00:19]} 19. Bc3 {[%emt 0:00:02]} Bd7 {[%emt 0:00:14]} 20. Rc1 {[%emt 0:00:10]} Bg5 {[%emt 0:00:13]} 21. Rc2 {[%emt 0:00:08]} Re7 {[%emt 0:00:25]} 22. Ba1 {[%emt 0:00:03]} Rae8 {[%emt 0:00:02]} 23. Nf3 {[%emt 0:00:11]} Bf6 {[%emt 0:00:03]} 24. c5 {[%emt 0:00:03]} Bg7 {[%emt 0:00:17]} 25. Rc1 {[%emt 0:00:06]} Nxf3 {[%emt 0:00:09]} 26. Bxf3 {[%emt 0:00:02]} Bxa1 {[%emt 0:00:01]} 27. cxd6 {[%emt 0:00:04]} Qxd6 {[%emt 0:00:01]} 28. Rxa1 {[%emt 0:00:01]} Bb5 {[%emt 0:00:01]} 29. Rg1 {[%emt 0:00:02]} Re3 {[%emt 0:00:07]} 30. Rc1 {[%emt 0:00:02]} Be2 {[%emt 0:00:07]} 31. Bxe2 {[%emt 0:00:02]} Rxe2 {[%emt 0:00:00]} 32. Qd3 {[%emt 0:00:01]} R2e3 {[%emt 0:00:04]} 33. Qc4 {[%emt 0:00:01]} R3e5 {[%emt 0:00:01]} 34. Rcd1 {[%emt 0:00:01]} Rd8 {[%emt 0:00:00]} 35. Rd2 {[%emt 0:00:02]} Kg7 {[%emt 0:00:01]} 36. Rgd1 {[%emt 0:00:01]} b6 {[%emt 0:00:01]} 37. h3 {[%emt 0:00:01]} h5 {[%emt 0:00:01]} 38. Qd4 {[%emt 0:00:01]} Kh7 {[%emt 0:00:01]} 39. Qc4 {[%emt 0:00:01]} Re4 {[%emt 0:00:01]} 40. Qa6 {[%emt 0:00:01]} h4 {[%emt 0:00:02]} 41. Qb7+ {[%emt 0:00:01]} Rd7 {[%emt 0:00:01]} 42. Qc6 {[%emt 0:00:03]} Re3 {[%emt 0:00:01]} 43. Qc4 {[%emt 0:00:03]} g5 {[%emt 0:00:02]} 44. Qd4 {[%emt 0:00:07]} Qe5 {[%emt 0:00:03]} 45. Qxb6 {[%emt 0:00:03]} Re1+ {[%emt 0:00:01]} 46. Rxe1 {[%emt 0:00:07]} Qxe1+ {[%emt 0:00:00]} 47. Kh2 {[%emt 0:00:01]} Qxd2 {[%emt 0:00:00]} 48. Qe6 {[%emt 0:00:05]} Qxd5 {[%emt 0:00:01]} 49. Qe8 {[%emt 0:00:02]} Kg7 {[%emt 0:00:08]} 50. Qb8 {[%emt 0:00:05]} Qd6+ {[%emt 0:00:02]} 51. Qxd6 {[%emt 0:00:01]} Rxd6 {[%emt 0:00:00] TimeW} 0-1

[Event "Meister-Talente"]
[Site "Emanuel Lasker Arena"]
[Date "2020.11.06"]
[Round "1"]
[White "Johvon"]
[Black "HannesFM"]
[Result "0-1"]
[WhiteElo "1906"]
[BlackElo "1620"]
[Annotator "TA"]
[PlyCount "116"]
[EventDate "2020.11.06"]
[EventType "tourn (blitz)"]

{[%evp 12,116,32,24,20,6,17,-25,4,0,31,25,27,-4,23,9,0,0,47,53,45,-28,-31,-33,-27,-23,-7,-58,-44,-102,-62,-139,-136,-150,-148,-208,-197,-193,-183,-268,-143,-182,-117,-111,-113,-111,-108,-82,-68,-106,-108,-110,-110,-106,-108,-114,-85,-106,-98,-137,-124,-204,-199,-198,-212,-212,-198,-194,-199,-206,-119,-117,-119,-127,-107,-445,-433,-609,-9,-19,-9,-150,-164,-319,-312,-208,-174,-177,-177,-262,-259,-282,-266,-410,-368,-1179,-1085,-1064,-670,-3843,-2132,-5189,-4751,-4631,-1975,-5061,-4618]} 1. d4 Nf6 2. c4 e6 3. Nf3 b6 4. g3 Bb7 5. Bg2 g6 6. O-O Bg7 7. Nc3 {7.Qc2 is the hot move.} Ne4 {E16: Queen's Indian: 4 g3 Bb7 5 Bg2 Bb4+.} 8. Bd2 O-O 9. Be1 d6 {Black has an edge.} 10. Qc2 Nxc3 11. Bxc3 Nd7 12. Rad1 {[#]} Nf6 $146 ({Predecessor:} 12... Qe7 13. e4 e5 14. d5 a5 15. b3 Nc5 16. a3 a4 17. b4 Nb3 18. Nd2 Nd4 19. Bxd4 exd4 {1-0 (63) Skatchkov,V (2281)-Hansen,E (2606) chess.com INT 2020}) 13. Nd2 Bxg2 14. Kxg2 c5 15. dxc5 bxc5 16. b4 (16. Bxf6 $14 Bxf6 17. Ne4) 16... cxb4 $11 17. Bxb4 Qb6 18. Qb3 Rfd8 19. Nb1 (19. Rb1 $11) 19... Rac8 20. Na3 (20. Nd2 $15) 20... Ne4 21. f3 (21. Rb1 $15) 21... Nc5 $36 {[%mdl 2048] Black is in control.} 22. Bxc5 Qxc5 ({Don't do} 22... Rxc5 23. e4 $15) 23. Nb5 (23. Rd2 $17 {was necessary.}) 23... a6 24. Na3 Rb8 25. Qa4 (25. Qd3 $142) 25... Rb6 (25... Rb4 $19 26. Qc2 Rb2) 26. Rb1 Rc8 (26... Rxb1 $19 27. Nxb1 Qe3) 27. Rxb6 Qxb6 28. Qb3 Qc5 29. Rb1 Bd4 30. Nc2 Qxc4 31. Nxd4 Qxd4 {[%mdl 4096] Endgame KQR-KQR} 32. Qb7 Qc4 33. Rb2 Rc6 34. Qb8+ Kg7 35. Qb3 Qxb3 36. Rxb3 {KR-KR} (36. axb3 $17 Rb6 37. Kf2) 36... Rc2 $19 37. Ra3 Rxe2+ 38. Kg1 Rb2 39. Rxa6 d5 40. a4 d4 (40... g5 $19 41. a5 h5) 41. Rd6 $17 e5 42. f4 f6 {And now ...Kf7 would win.} 43. fxe5 $2 {[%mdl 8192]} (43. Rd5 $17 {is tougher.}) 43... fxe5 $19 44. Re6 (44. a5 $142 Ra2 45. a6) 44... Rb4 $2 (44... d3 $19 45. Rd6 e4) 45. Rxe5 $11 Rxa4 46. Rd5 (46. Re7+ $11 {keeps the balance.} Kh6 47. Rd7) 46... Kf6 $17 47. Kf2 $2 (47. Rd7) 47... Ke6 $19 48. Rd8 Ra2+ 49. Kf3 Ke5 ({Much less strong is} 49... Rxh2 50. Rxd4 Ra2 51. Kg4 $15) 50. Re8+ (50. h4 $142) 50... Kd5 $1 51. Rd8+ {[#]} Kc4 $1 52. h4 (52. h3 {only move.}) 52... d3 53. Rc8+ $2 {[#]} (53. g4 Rh2 54. Kg3) 53... Kd4 $1 {Black is clearly winning.} 54. Rd8+ Kc3 55. g4 Ra7 56. h5 Rf7+ 57. Ke3 Re7+ 58. Kf4 d2 {Av CentiPawn Loss W=-105/B=-89. Weighted=-90/-92} 0-1

[Event "Meister-Talente"]
[Site "Emanuel Lasker Arena"]
[Date "2020.11.06"]
[Round "1"]
[White "JR43"]
[Black "Opel 2004"]
[Result "1-0"]
[WhiteElo "1620"]
[BlackElo "1793"]
[Annotator "NA RC"]
[PlyCount "75"]
[EventDate "2020.11.06"]
[EventType "tourn (blitz)"]
[WhiteTeam "SV Werder Bremen I"]

{Reuker, Jari (2394) Opel 2004 reconnected.} 1. Nf3 {[%emt 0:00:52]} e6 {[%emt 0:00:03] Opel 2004 reconnected.} 2. g3 {[%emt 0:00:15]} Nf6 {[%emt 0:00:03]} 3. Bg2 {[%emt 0:00:00]} c5 {[%emt 0:00:11]} 4. O-O {[%emt 0:00:06]} b6 {[%emt 0:00:05] Opel 2004 reconnected.} 5. d4 {[%emt 0:00:11]} Bb7 {[%emt 0:00:04]} 6. c4 {[%emt 0:00:10]} cxd4 {[%emt 0:00:03]} 7. Nxd4 {[%emt 0:00:02]} Bxg2 {[%emt 0:00:04]} 8. Kxg2 {[%emt 0:00:00]} Be7 {[%emt 0:00:07]} 9. Nc3 {[%emt 0:00:04]} O-O {[%emt 0:00:07]} 10. b3 {[%emt 0:00:04]} a6 {[%emt 0:00:10]} 11. Bb2 {[%emt 0:00:02]} Qc7 {[%emt 0:00:03]} 12. Rc1 {[%emt 0:00:14]} d6 {[%emt 0:00:02]} 13. e4 {[%emt 0:00:03]} Nbd7 {[%emt 0:00:03]} 14. Qe2 {[%emt 0:00:02]} Nc5 {[%emt 0:00:05]} 15. Rfd1 {[%emt 0:00:14]} Qb7 {[%emt 0:00:03]} 16. f3 {[%emt 0:00:02]} Rfd8 {[%emt 0:00:03]} 17. Nc2 {[%emt 0:00:07]} Rab8 {[%emt 0:00:06] Opel 2004 reconnected.} 18. Rd2 {[%emt 0:00:24]} b5 {[%emt 0:00:07]} 19. cxb5 {[%emt 0:00:01]} axb5 {[%emt 0:00:01] Opel 2004 reconnected.} 20. b4 {[%emt 0:00:13] Opel 2004 reconnected. Opel 2004 reconnected.} Na4 {[%emt 0:00:09]} 21. Nxa4 {[%emt 0:00:01]} bxa4 {[%emt 0:00:00]} 22. Nd4 {[%emt 0:00:02] Opel 2004 reconnected.} Rbc8 {[%emt 0:00:04]} 23. Rdc2 {[%emt 0:00:04] Opel 2004 reconnected. Opel 2004 reconnected.} Rxc2 {[%emt 0:00:08]} 24. Qxc2 {[%emt 0:00:01]} Bf8 {[%emt 0:00:32]} 25. Qxa4 {[%emt 0:00:07]} Ra8 {[%emt 0:00:03]} 26. Qb3 {[%emt 0:00:03]} d5 {[%emt 0:00:04]} 27. exd5 {[%emt 0:00:04]} Nxd5 {[%emt 0:00:05]} 28. b5 {[%emt 0:00:04]} Be7 {[%emt 0:00:37]} 29. a4 {[%emt 0:00:02]} Bf6 {[%emt 0:00:01] Opel 2004 reconnected.} 30. Rc4 {[%emt 0:00:14]} Nb6 {[%emt 0:00:14]} 31. Rb4 {[%emt 0:00:01]} Nd5 {[%emt 0:00:02]} 32. Rc4 {[%emt 0:00:06]} Nb6 {[%emt 0:00:03]} 33. Rb4 {[%emt 0:00:06]} Be7 {[%emt 0:00:03]} 34. Nc6 {[%emt 0:00:02]} Bxb4 {[%emt 0:00:02]} 35. Qxb4 {[%emt 0:00:00]} Rxa4 {[%emt 0:00:08]} 36. Qc3 {[%emt 0:00:02]} f6 {[%emt 0:00:09]} 37. Qe3 {[%emt 0:00:02]} Kf7 {[%emt 0:00:14]} 38. Nd8+ {[%emt 0:00:01] Opel 2004 gibt auf (Lag: Av=6.01s, max=92.8s)} 1-0

[Event "Meister-Talente"]
[Site "Emanuel Lasker Arena"]
[Date "2020.11.06"]
[Round "1"]
[White "Torjaeger10"]
[Black "Psammenitos."]
[Result "0-1"]
[WhiteElo "1620"]
[BlackElo "2496"]
[Annotator "NA RC"]
[PlyCount "96"]
[EventDate "2020.11.06"]
[EventType "tourn (blitz)"]

1. e4 {[%emt 0:00:07]} Nc6 {[%emt 0:00:07]} 2. Nc3 {[%emt 0:01:03]} Nf6 {[%emt 0:00:02]} 3. Nf3 {[%emt 0:00:01]} d5 {[%emt 0:00:01]} 4. e5 {[%emt 0:00:10]} d4 {[%emt 0:00:03]} 5. exf6 {[%emt 0:00:09]} dxc3 {[%emt 0:00:01]} 6. dxc3 {[%emt 0:00:12]} Qxd1+ {[%emt 0:00:03]} 7. Kxd1 {[%emt 0:00:00]} gxf6 {[%emt 0:00:09]} 8. Be3 {[%emt 0:00:09]} Bg4 {[%emt 0:00:08]} 9. Bb5 {[%emt 0:00:03]} O-O-O+ {[%emt 0:00:01]} 10. Ke2 {[%emt 0:00:04]} e5 {[%emt 0:01:01]} 11. h3 {[%emt 0:00:08]} Bh5 {[%emt 0:00:03]} 12. g4 {[%emt 0:00:09]} Bg6 {[%emt 0:00:01]} 13. Rac1 {[%emt 0:00:19]} Kb8 {[%emt 0:00:25]} 14. Nh4 {[%emt 0:00:07]} Ne7 {[%emt 0:00:05]} 15. Nxg6 {[%emt 0:00:04]} hxg6 {[%emt 0:00:02]} 16. Rhd1 {[%emt 0:00:03]} Bg7 {[%emt 0:00:04]} 17. Rxd8+ {[%emt 0:00:02]} Rxd8 {[%emt 0:00:00]} 18. Rd1 {[%emt 0:00:01]} Rxd1 {[%emt 0:00:02]} 19. Kxd1 {[%emt 0:00:00]} c6 {[%emt 0:00:02]} 20. Bc4 {[%emt 0:00:23]} Nd5 {[%emt 0:00:01]} 21. h4 {[%emt 0:00:05]} a6 {[%emt 0:00:06]} 22. h5 {[%emt 0:00:03]} gxh5 {[%emt 0:00:03]} 23. gxh5 {[%emt 0:00:00]} Kc7 {[%emt 0:00:01]} 24. Ke2 {[%emt 0:00:06]} Kd6 {[%emt 0:00:01]} 25. Kf3 {[%emt 0:00:02]} f5 {[%emt 0:00:01]} 26. Bg5 {[%emt 0:00:11]} e4+ {[%emt 0:00:02]} 27. Kg3 {[%emt 0:00:01]} Ke5 {[%emt 0:00:04]} 28. f4+ {[%emt 0:00:03]} Ke6 {[%emt 0:00:06]} 29. h6 {[%emt 0:00:02]} Bh8 {[%emt 0:00:02]} 30. Kh4 {[%emt 0:00:01]} f6 {[%emt 0:00:06]} 31. Kh5 {[%emt 0:00:05]} fxg5 {[%emt 0:00:02]} 32. fxg5 {[%emt 0:00:00]} f4 {[%emt 0:00:03]} 33. g6 {[%emt 0:00:01]} Kf6 {[%emt 0:00:01]} 34. g7 {[%emt 0:00:08]} Bxg7 {[%emt 0:00:01]} 35. hxg7 {[%emt 0:00:00]} Kxg7 {[%emt 0:00:00]} 36. Kg4 {[%emt 0:00:01]} Ne3+ {[%emt 0:00:01]} 37. Kxf4 {[%emt 0:00:01]} Nxc4 {[%emt 0:00:00]} 38. Kxe4 {[%emt 0:00:00]} Nxb2 {[%emt 0:00:01]} 39. Kd4 {[%emt 0:00:00]} Kf6 {[%emt 0:00:02]} 40. Kc5 {[%emt 0:00:01]} Na4+ {[%emt 0:00:01]} 41. Kb4 {[%emt 0:00:01]} Nxc3 {[%emt 0:00:02]} 42. Kc5 {[%emt 0:00:00]} Nxa2 {[%emt 0:00:03]} 43. Kb6 {[%emt 0:00:07]} Nb4 {[%emt 0:00:03]} 44. c4 {[%emt 0:00:03]} Ke5 {[%emt 0:00:01]} 45. Ka5 {[%emt 0:00:04]} c5 {[%emt 0:00:03]} 46. Kb6 {[%emt 0:00:02]} Kd4 {[%emt 0:00:01]} 47. Kxb7 {[%emt 0:00:04]} Kxc4 {[%emt 0:00:01]} 48. Kb6 {[%emt 0:00:00]} Kd4 {[%emt 0:00:05] Torjaeger10 resigns} 0-1